| 000 | 00551nam a2200205Ia 4500 | ||
|---|---|---|---|
| 003 | OSt | ||
| 005 | 20250310141252.0 | ||
| 008 | 210210b1984 xxu||||| |||| 00| 0 eng d | ||
| 040 | _cAL | ||
| 041 | _ahin | ||
| 082 | _aH891.2 SINH | ||
| 100 |
_aSINHA (Daya Prakash) _9205380 |
||
| 110 |
_aसिन्हा दया प्रकाश _9205381 |
||
| 245 |
_aHasy ekanki: _bहास्य एकांकी |
||
| 260 |
_aDilli _bAry Book Dipo _c1984 |
||
| 300 | _a98 | ||
| 690 |
_aHindi Drama _9205382 |
||
| 906 | _aSG02984 | ||
| 942 |
_2ddc _cBK |
||
| 999 |
_c113647 _d113647 |
||